[Event "XXIV Festival A"]
[Site "Porto San Giorgio ITA"]
[Date "2013.08.22"]
[Round "2"]
[White "Piva, Giorgio"]
[Black "Bonafede, Alessandro"]
[WhiteElo "2190"]
[BlackElo "2380"]
[Result "1-0"]
[PlyCount "95"]
[EventDate "2013.08.21"]

1. c4 f5 2. g3 Nf6 3. Bg2 g6 4. Nc3 Bg7 5. d3 O-O 6. e4 d6 7. Nge2 e5 8. O-O a5
9. h3 Na6 10. Be3 fxe4 11. dxe4 Be6 12. b3 Qd7 13. Kh2 Rf7 14. Nd5 Raf8 15. Qd2
b6 16. Nec3 Qc8 17. Rab1 Qb7 18. Nxf6+ Rxf6 19. Nd5 R6f7 20. a3 b5 21. Qxa5 Rb8
22. cxb5 Qxb5 23. Qxb5 Rxb5 24. Rfc1 Nc5 25. b4 Bxd5 26. bxc5 Rxb1 27. Rxb1 Bc6
28. Kg1 Rf8 29. cxd6 cxd6 30. Rd1 Rd8 31. Bc5 Bf8 32. f3 Rc8 33. Bb4 Kf7 34.
Rd2 Ba4 35. f4 exf4 36. gxf4 Rc2 37. Rxc2 Bxc2 38. Kf2 h6 39. Ke3 Ke6 40. Bf1
Bg7 41. Bc4+ Kd7 42. Bb5+ Kc7 43. a4 g5 44. a5 Bb2 45. fxg5 Bc1+ 46. Bd2 Bxd2+
47. Kxd2 Bxe4 48. gxh6 1-0

[Event "XXIV Festival A"]
[Site "Porto San Giorgio ITA"]
[Date "2013.08.22"]
[Round "2"]
[White "Romanishin, Oleg M."]
[Black "Borgiani, Flavio"]
[WhiteElo "2494"]
[BlackElo "2158"]
[Result "1-0"]
[PlyCount "51"]
[EventDate "2013.08.21"]

1. d4 Nf6 2. Nf3 d6 3. g3 Bf5 4. Bg2 c6 5. O-O h6 6. c4 Nbd7 7. d5 cxd5 8. cxd5
Bxb1 9. Rxb1 g6 10. Be3 Bg7 11. Qb3 O-O 12. Qxb7 Qa5 13. Nd4 Rfb8 14. Nc6 Rxb7
15. Nxa5 Rc7 16. Rfc1 Rac8 17. Nc6 Kf8 18. Nxa7 Rxc1+ 19. Rxc1 Ra8 20. h3 Ne8
21. b4 Rb8 22. a3 Bb2 23. Bxh6+ Kg8 24. Rb1 Bxa3 25. Rb3 f6 26. Bd2 1-0

[Event "XXIV Festival A"]
[Site "Porto San Giorgio ITA"]
[Date "2013.08.22"]
[Round "2"]
[White "Sgnaolin, Davide"]
[Black "Drasko, Milan"]
[WhiteElo "2238"]
[BlackElo "2462"]
[Result "1/2-1/2"]
[PlyCount "91"]
[EventDate "2013.08.21"]

1. c4 e6 2. Nf3 Nf6 3. g3 a6 4. Bg2 b5 5. b3 c5 6. O-O Bb7 7. Bb2 Be7 8. d3 O-O
9. Nbd2 d6 10. e3 Nbd7 11. Qe2 Rc8 12. Rfd1 Qb6 13. e4 Ba8 14. h3 Rfd8 15. Kh2
Qb8 16. Ne1 Ne5 17. f4 Nc6 18. Nef3 e5 19. f5 h6 20. Nf1 Nd4 21. Nxd4 cxd4 22.
Rdb1 bxc4 23. bxc4 Qc7 24. Bc1 Rb8 25. Nd2 Rxb1 26. Rxb1 Rb8 27. Rxb8+ Qxb8 28.
Nb3 Bc6 29. Ba3 Ba4 30. Qb2 Nd7 31. Bf1 Bg5 32. Be2 Be3 33. Bd1 Qb6 34. Kg2 a5
35. Qe2 Nb8 36. Bc2 Bxb3 37. Bxb3 Na6 38. Qc2 Nc5 39. Bxc5 dxc5 40. Qe2 Qb4 41.
Qd1 g6 42. fxg6 fxg6 43. Bc2 h5 44. h4 Kg7 45. a4 Kh6 46. Qe2 1/2-1/2

[Event "XXIV Festival A"]
[Site "Porto San Giorgio ITA"]
[Date "2013.08.22"]
[Round "2"]
[White "Valsecchi, Alessio"]
[Black "Teutsch, Alexander"]
[WhiteElo "2412"]
[BlackElo "2123"]
[Result "1-0"]
[PlyCount "99"]
[EventDate "2013.08.21"]

1. Nf3 g6 2. c4 Bg7 3. Nc3 c5 4. g3 Nc6 5. Bg2 e5 6. O-O Nge7 7. Ne1 O-O 8. a3
d6 9. Nc2 f5 10. d3 h6 11. f4 Be6 12. Nd5 Bf7 13. Kh1 Nxd5 14. cxd5 Nd4 15. Rb1
Re8 16. e4 exf4 17. gxf4 Rc8 18. Ne3 b5 19. b3 a5 20. Bb2 Qd7 21. a4 Rb8 22.
axb5 Rxb5 23. Nc4 Reb8 24. Bxd4 Bxd4 25. Qf3 Rd8 26. Rfe1 Qb7 27. Qg3 Kh7 28.
exf5 Rxb3 29. Nxa5 Rxb1 30. Nxb7 Rxb7 31. Be4 gxf5 32. Bxf5+ Kh8 33. Be6 Bxe6
34. dxe6 Rg8 35. Qxg8+ Kxg8 36. e7 Rb8 37. e8=Q+ Rxe8 38. Rxe8+ Kf7 39. Re2 Kf6
40. Kg2 Kf5 41. Kf3 Bf6 42. Re8 d5 43. Rc8 Bd4 44. Rc6 h5 45. Rd6 h4 46. Rxd5+
Kg6 47. Rxd4 cxd4 48. Kg4 h3 49. Kxh3 Kh5 50. Kg3 1-0

[Event "XXIV Festival A"]
[Site "Porto San Giorgio ITA"]
[Date "2013.08.23"]
[Round "3"]
[White "Aleksic, Nenad"]
[Black "Boraso, Alessio"]
[WhiteElo "2357"]
[BlackElo "2119"]
[Result "1-0"]
[PlyCount "103"]
[EventDate "2013.08.21"]

1. e4 c5 2. Nf3 Nc6 3. d4 cxd4 4. Nxd4 Nf6 5. Nc3 e5 6. Ndb5 d6 7. Bg5 a6 8.
Na3 b5 9. Bxf6 gxf6 10. Nd5 f5 11. g3 fxe4 12. Bg2 Be6 13. Bxe4 Bg7 14. Qh5 Rc8
15. c3 Ne7 16. Rd1 Rc5 17. Nb4 Qb6 18. Qg5 Kf8 19. Qe3 h5 20. O-O Bh6 21. Qf3
h4 22. Nd5 Nxd5 23. Bxd5 Ke7 24. Nc2 hxg3 25. hxg3 Bf4 26. Ne3 Bxe3 27. Bxe6
Bf4 28. Bd5 Rh7 29. Kg2 Rc8 30. Rh1 Rg7 31. Kf1 Bg5 32. Rh5 Bf6 33. Kg2 b4 34.
c4 Rcg8 35. Rd3 Qc5 36. Rf5 Rg6 37. a3 a5 38. axb4 axb4 39. Rd1 Rh8 40. Rh5
Rxh5 41. Qxh5 Qa7 42. b3 Bg7 43. Be4 Rf6 44. Qe2 Bh6 45. Rd5 Qa1 46. Rb5 Bg5
47. Rb7+ Kf8 48. Qh5 Bh6 49. Bd5 Rxf2+ 50. Kxf2 Be3+ 51. Kg2 Qg1+ 52. Kh3 1-0

[Event "XXIV Festival A"]
[Site "Porto San Giorgio ITA"]
[Date "2013.08.23"]
[Round "3"]
[White "Baburin, Alexander E."]
[Black "Sgnaolin, Davide"]
[WhiteElo "2520"]
[BlackElo "2238"]
[Result "1-0"]
[PlyCount "105"]
[EventDate "2013.08.21"]

1. d4 Nf6 2. c4 e6 3. Nc3 Bb4 4. e3 O-O 5. Bd3 d5 6. Nf3 c5 7. O-O dxc4 8. Bxc4
Nbd7 9. Qe2 b6 10. Rd1 cxd4 11. exd4 Bxc3 12. bxc3 Qc7 13. Ba3 Re8 14. Ne5 Bb7
15. Rac1 Nd5 16. Nxd7 Qxd7 17. Bb3 Nf4 18. Qe3 e5 19. f3 Qf5 20. Re1 e4 21. Bc2
Nd5 22. fxe4 Nxe3 23. exf5 Nxg2 24. Re5 Nh4 25. Kf2 Nf3 26. Re7 Rxe7 27. Bxe7
Re8 28. f6 gxf6 29. Bxf6 Re6 30. Bd8 Rh6 31. Bc7 Nxh2 32. Rg1+ Kf8 33. Be5 Ke7
34. Bd1 Rh3 35. Rg3 Rh4 36. c4 h5 37. Ra3 a5 38. Rb3 Ng4+ 39. Bxg4 Rxg4 40.
Rxb6 Rg2+ 41. Ke3 Bc8 42. d5 h4 43. c5 h3 44. Rh6 Rg8 45. c6 a4 46. a3 Bf5 47.
d6+ Kd8 48. Kd4 Re8 49. Bg3 Rg8 50. Kc5 Bg4 51. Kb6 Kc8 52. Bf4 Bf5 53. Rh5 1-0

[Event "XXIV Festival A"]
[Site "Porto San Giorgio ITA"]
[Date "2013.08.23"]
[Round "3"]
[White "Bentivegna, Francesco"]
[Black "Armstrong, Malcolm J."]
[WhiteElo "2293"]
[BlackElo "2014"]
[Result "1-0"]
[PlyCount "61"]
[EventDate "2013.08.21"]

1. e4 c6 2. d4 d5 3. Nd2 dxe4 4. Nxe4 Bf5 5. Ng3 Bg6 6. Nh3 Nf6 7. Bc4 e6 8.
O-O Bd6 9. f4 Qc7 10. Kh1 O-O 11. c3 Nbd7 12. Qf3 Rfe8 13. Ng5 b5 14. Be2 h6
15. N5e4 Nxe4 16. Nxe4 Be7 17. g4 Nf6 18. Ng3 Qd7 19. Qg2 Bd6 20. h4 Nd5 21. h5
Bh7 22. Ne4 Bc7 23. Bd2 Kh8 24. Rf2 Rad8 25. Rg1 Ne7 26. Nc5 Qd5 27. Bf3 Qxa2
28. Bc1 Bb6 29. b3 Qa1 30. Bb2 Qa2 31. Ra1 1-0

[Event "XXIV Festival A"]
[Site "Porto San Giorgio ITA"]
[Date "2013.08.23"]
[Round "3"]
[White "Bruno, Fabio"]
[Black "Paltrinieri, Nicholas"]
[WhiteElo "2421"]
[BlackElo "2177"]
[Result "0-1"]
[PlyCount "132"]
[EventDate "2013.08.21"]

1. d4 e6 2. Nf3 f5 3. g3 Nf6 4. Bg2 Be7 5. O-O O-O 6. c4 d6 7. Nc3 Qe8 8. b3 a5
9. Bb2 Qh5 10. Ne1 Qh6 11. Nd3 c6 12. e4 e5 13. dxe5 Ng4 14. h3 Nxe5 15. Nxe5
dxe5 16. exf5 Bxf5 17. Bc1 Qg6 18. Re1 Na6 19. g4 Bc2 20. Be4 Bxd1 21. Bxg6 Bb4
22. Bb2 Bxb3 23. axb3 hxg6 24. Re3 Nc5 25. Ne4 Nxe4 26. Rxe4 Rf3 27. Re3 Rxe3
28. fxe3 Rd8 29. Bxe5 Rd3 30. Kf2 Rxb3 31. Bc7 b6 32. Rd1 Bc5 33. Rd8+ Kf7 34.
Rd7+ Ke8 35. Rxg7 Rxe3 36. Kg2 Re7 37. Rg8+ Kf7 38. Rc8 a4 39. Bd8 Rd7 40. Ra8
b5 41. cxb5 cxb5 42. g5 Bd4 43. Bf6 Bxf6 44. gxf6 Kxf6 45. Ra5 Rd5 46. Kf3 Kf5
47. Ke3 g5 48. Ra8 Re5+ 49. Kd3 Kf4 50. Kd4 Rf5 51. Kc3 Kg3 52. Rh8 Rf3+ 53.
Kc2 b4 54. Rh5 Rf5 55. Kb2 Rf2+ 56. Kb1 Kf4 57. Rh8 b3 58. Ra8 Kg3 59. Ra5 Kxh3
60. Rxg5 a3 61. Rh5+ Kg4 62. Rh1 Kf4 63. Rd1 Kg3 64. Rg1+ Kh2 65. Rd1 Kg2 66.
Re1 Rf1 0-1

[Event "XXIV Festival A"]
[Site "Porto San Giorgio ITA"]
[Date "2013.08.23"]
[Round "3"]
[White "Draskovic, Luka"]
[Black "Romanishin, Oleg M."]
[WhiteElo "2304"]
[BlackElo "2494"]
[Result "0-1"]
[PlyCount "44"]
[EventDate "2013.08.21"]

1. e4 e5 2. Nf3 Nc6 3. d4 exd4 4. Nxd4 Bc5 5. Nb3 Bb4+ 6. c3 Be7 7. f4 d6 8.
Bd3 Nh6 9. O-O O-O 10. N1d2 f5 11. Nf3 fxe4 12. Bxe4 Bf5 13. Bd5+ Kh8 14. Nbd4
Nxd4 15. Nxd4 c6 16. Nxf5 Nxf5 17. Bb3 d5 18. Qf3 Bc5+ 19. Kh1 Qh4 20. g3 Qh3
21. Bd2 Rae8 22. Rae1 Re2 0-1

[Event "XXIV Festival A"]
[Site "Porto San Giorgio ITA"]
[Date "2013.08.23"]
[Round "3"]
[White "Piva, Giorgio"]
[Black "Naumkin, Igor"]
[WhiteElo "2190"]
[BlackElo "2445"]
[Result "0-1"]
[PlyCount "40"]
[EventDate "2013.08.21"]

1. c4 Nf6 2. g3 e6 3. Bg2 d5 4. Nf3 d4 5. O-O c5 6. e3 Nc6 7. exd4 cxd4 8. Re1
d3 9. Ne5 Nxe5 10. Rxe5 Qd4 11. Qe1 Bd6 12. Re3 Qxc4 13. Bf1 Bd7 14. Rxd3 Qc7
15. b3 Bc6 16. Bb2 Ng4 17. Bh3 h5 18. a4 O-O-O 19. Na3 Bxa3 20. Rxd8+ Qxd8 0-1

[Event "XXIV Festival A"]
[Site "Porto San Giorgio ITA"]
[Date "2013.08.23"]
[Round "3"]
[White "Schoorl, Rob"]
[Black "Dvirnyy, Danyyil"]
[WhiteElo "2348"]
[BlackElo "2549"]
[Result "0-1"]
[PlyCount "54"]
[EventDate "2013.08.21"]

1. e4 e5 2. Nf3 Nc6 3. Bb5 a6 4. Ba4 Nf6 5. O-O b5 6. Bb3 Bc5 7. a4 Rb8 8. c3
d6 9. d4 Bb6 10. axb5 axb5 11. Qd3 O-O 12. Bg5 h6 13. Bh4 g5 14. Bg3 Nh5 15.
Nbd2 Nxg3 16. hxg3 g4 17. Bd5 Ne7 18. Nh4 Nxd5 19. exd5 exd4 20. Kh2 Qg5 21.
Ne4 Qg7 22. Qxb5 f5 23. Nd2 dxc3 24. bxc3 Qxc3 25. Nc4 Bxf2 26. Qxb8 Qxg3+ 27.
Kh1 Qxh4# 0-1

[Event "XXIV Festival A"]
[Site "Porto San Giorgio ITA"]
[Date "2013.08.24"]
[Round "4"]
[White "Calavalle, Giulio"]
[Black "Valsecchi, Alessio"]
[WhiteElo "2205"]
[BlackElo "2412"]
[Result "0-1"]
[PlyCount "32"]
[EventDate "2013.08.21"]

1. e4 e5 2. Nf3 Nc6 3. d4 exd4 4. Nxd4 Nf6 5. Bg5 h6 6. Nxc6 bxc6 7. Bh4 g5 8.
Bg3 Nxe4 9. Qe2 Qe7 10. Bxc7 Bg7 11. c3 d5 12. Ba5 Rb8 13. f3 Rxb2 14. Qxb2
Nxc3+ 15. Be2 Qxe2+ 16. Qxe2+ Nxe2 0-1

[Event "XXIV Festival A"]
[Site "Porto San Giorgio ITA"]
[Date "2013.08.24"]
[Round "4"]
[White "Draskovic, Luka"]
[Black "Piva, Giorgio"]
[WhiteElo "2304"]
[BlackElo "2190"]
[Result "1-0"]
[PlyCount "109"]
[EventDate "2013.08.21"]

1. e4 c5 2. Nf3 g6 3. c4 Bg7 4. d4 cxd4 5. Nxd4 Nc6 6. Be3 Nf6 7. Nc3 d6 8. Be2
O-O 9. O-O Bd7 10. Nc2 Be6 11. f3 Na5 12. b3 Ng4 13. Bd4 Bxd4+ 14. Qxd4 Nc6 15.
Qd2 Qb6+ 16. Kh1 Nf2+ 17. Rxf2 Qxf2 18. Ne3 Qh4 19. g3 Qh6 20. f4 f5 21. Ned5
Rad8 22. b4 Rd7 23. b5 Nd8 24. Qe3 Qg7 25. Re1 b6 26. exf5 Bxd5+ 27. Nxd5 gxf5
28. g4 Kh8 29. Rg1 Rg8 30. Rg3 e6 31. gxf5 Qa1+ 32. Kg2 Rxg3+ 33. hxg3 e5 34.
f6 Rf7 35. f5 Qxa2 36. g4 Qc2 37. Kg3 Nb7 38. Bd3 Qb3 39. g5 Nc5 40. g6 Rxf6
41. Nxf6 Nxd3 42. Nxh7 Qxc4 43. Qh6 Qf4+ 44. Qxf4 Nxf4 45. Nf6 d5 46. Kg4 d4
47. Kg5 Kg7 48. Ne8+ Kg8 49. Nf6+ Kg7 50. Ne8+ Kg8 51. Kh6 Nd5 52. f6 d3 53.
f7+ Kf8 54. Kh7 Ne7 55. Nf6 1-0

[Event "XXIV Festival A"]
[Site "Porto San Giorgio ITA"]
[Date "2013.08.24"]
[Round "4"]
[White "Dvirnyy, Danyyil"]
[Black "Naumkin, Igor"]
[WhiteElo "2549"]
[BlackElo "2445"]
[Result "1/2-1/2"]
[PlyCount "41"]
[EventDate "2013.08.21"]

1. e4 e5 2. Nf3 Nc6 3. Bc4 Bc5 4. c3 Nf6 5. d3 d6 6. h3 h6 7. Bb3 O-O 8. g4 d5
9. Qe2 a5 10. a4 Be6 11. Bc2 Be7 12. g5 Nh5 13. gxh6 g6 14. Rg1 Kh8 15. Ng5
Bxg5 16. Bxg5 f6 17. Bd2 Bf7 18. Na3 d4 19. Qg4 Qe7 20. Nb5 Rad8 21. h7 1/2-1/2

[Event "XXIV Festival A"]
[Site "Porto San Giorgio ITA"]
[Date "2013.08.24"]
[Round "4"]
[White "Eggleston, David J."]
[Black "Baburin, Alexander E."]
[WhiteElo "2363"]
[BlackElo "2520"]
[Result "1/2-1/2"]
[PlyCount "54"]
[EventDate "2013.08.21"]

1. e4 Nf6 2. e5 Nd5 3. d4 d6 4. Nf3 dxe5 5. Nxe5 c6 6. Be2 Bf5 7. O-O Nd7 8.
Nf3 e6 9. a3 b5 10. b3 Be7 11. c4 bxc4 12. bxc4 N5b6 13. Bf4 O-O 14. Nc3 c5 15.
d5 Bf6 16. Rc1 Bxc3 17. Rxc3 exd5 18. cxd5 Be4 19. d6 Qf6 20. Qd2 Nd5 21. Rc4
Nxf4 22. Rxe4 Nxe2+ 23. Rxe2 Rad8 24. Rd1 c4 25. Qd4 Qxd4 26. Nxd4 Rfe8 27. Nf3
Rf8 1/2-1/2

[Event "XXIV Festival A"]
[Site "Porto San Giorgio ITA"]
[Date "2013.08.24"]
[Round "4"]
[White "Marsili, Riccardo"]
[Black "Paci, Daniele"]
[WhiteElo "2090"]
[BlackElo "2232"]
[Result "1/2-1/2"]
[PlyCount "95"]
[EventDate "2013.08.21"]

1. c4 e5 2. g3 Nf6 3. Bg2 c6 4. d4 Bb4+ 5. Bd2 Bxd2+ 6. Qxd2 d6 7. Nf3 e4 8.
Ng5 d5 9. O-O O-O 10. Nc3 h6 11. Nh3 Bf5 12. f3 exf3 13. Rxf3 Ne4 14. Nxe4 Bxe4
15. Rf4 Bxg2 16. Kxg2 dxc4 17. Raf1 Nd7 18. Qc3 Nb6 19. e4 Qd7 20. Ng1 Qe6 21.
Qf3 Rae8 22. h4 c5 23. Ne2 Nd5 24. exd5 Qxe2+ 25. Rf2 Qxf3+ 26. Kxf3 cxd4 27.
Rxd4 Rc8 28. Rc2 b5 29. a4 a6 30. axb5 axb5 31. d6 Rfd8 32. Rd5 Rc6 33. Rxb5
Rdxd6 34. Rb8+ Kh7 35. Re8 Rd4 36. Re3 Rb6 37. Rec3 Rb4 38. Re3 g5 39. h5 g4+
40. Kg2 Rb3 41. Re7 Rdd3 42. Rxf7+ Kg8 43. Rcf2 Rxg3+ 44. Kf1 Rgf3 45. R2xf3
gxf3 46. Rc7 Rb4 47. Kf2 Rxb2+ 48. Kxf3 1/2-1/2

[Event "XXIV Festival A"]
[Site "Porto San Giorgio ITA"]
[Date "2013.08.24"]
[Round "4"]
[White "Mchedlishvili, Mikheil"]
[Black "Romanishin, Oleg M."]
[WhiteElo "2633"]
[BlackElo "2494"]
[Result "1-0"]
[PlyCount "85"]
[EventDate "2013.08.21"]

1. d4 Nf6 2. c4 e6 3. Nf3 Bb4+ 4. Nbd2 b6 5. a3 Bxd2+ 6. Qxd2 O-O 7. e3 Bb7 8.
Be2 a5 9. b3 d6 10. Bb2 Nbd7 11. O-O Ne4 12. Qc2 f5 13. d5 e5 14. Rad1 Qf6 15.
Ne1 Qh6 16. Bc1 Qg6 17. f3 Nef6 18. Nd3 Nc5 19. Nf2 e4 20. f4 h5 21. Nh3 Nh7
22. b4 axb4 23. axb4 Nd7 24. Bb2 Ndf6 25. Qb3 Ng4 26. Ra1 Qf7 27. Rfd1 Rfb8 28.
Nf2 Nxf2 29. Kxf2 Nf6 30. Kg1 Rxa1 31. Rxa1 b5 32. cxb5 Bxd5 33. Qc2 h4 34. h3
Ne8 35. Ra7 Rb7 36. Ra5 Kh7 37. Qd1 Bb3 38. Qe1 Qe7 39. Bh5 Rb8 40. Bxe8 Rxe8
41. Ra7 Bc4 42. b6 Rc8 43. Bd4 1-0

[Event "XXIV Festival A"]
[Site "Porto San Giorgio ITA"]
[Date "2013.08.24"]
[Round "4"]
[White "Mosca, Leonildo"]
[Black "Vezzosi, Paolo"]
[WhiteElo "2115"]
[BlackElo "2281"]
[Result "0-1"]
[PlyCount "88"]
[EventDate "2013.08.21"]

1. e4 c5 2. Nf3 Nc6 3. Bb5 e6 4. Bxc6 bxc6 5. O-O d5 6. d3 Nf6 7. Nc3 Be7 8.
Qe2 Ba6 9. b3 O-O 10. Nd2 Qa5 11. Bb2 d4 12. Ncb1 e5 13. Na3 Qc7 14. Nac4 Rae8
15. Rae1 Bc8 16. h3 Bd8 17. Qf3 Re6 18. Kh1 h6 19. Bc1 Nd7 20. Qg3 Bg5 21. Nf3
Bf4 22. Bxf4 exf4 23. Qh2 Nf6 24. g3 fxg3 25. fxg3 Ba6 26. Ncd2 Qd8 27. Nh4 g6
28. a4 Kg7 29. Qf2 Nh7 30. Nhf3 f6 31. Kh2 Ng5 32. h4 Nf7 33. h5 g5 34. g4 Ree8
35. Qg3 Qa5 36. Qf2 Ne5 37. Qg2 Qc7 38. Nxe5 fxe5 39. Rf3 Rf4 40. Ref1 Qd7 41.
Rxf4 exf4 42. Nf3 Bc8 43. Rg1 Qf7 44. Qd2 Bxg4 0-1

[Event "XXIV Festival A"]
[Site "Porto San Giorgio ITA"]
[Date "2013.08.24"]
[Round "4"]
[White "Pienabarca, Nicola"]
[Black "Schoorl, Rob"]
[WhiteElo "2129"]
[BlackElo "2348"]
[Result "1/2-1/2"]
[PlyCount "85"]
[EventDate "2013.08.21"]

1. d4 d5 2. c4 c6 3. Nf3 Nf6 4. Nc3 dxc4 5. a4 Bf5 6. Ne5 Nbd7 7. Nxc4 Nb6 8.
Ne5 a5 9. g3 e6 10. Bg2 Bb4 11. O-O O-O 12. e3 h6 13. Qe2 Bh7 14. Rd1 Nbd7 15.
Nd3 Qe7 16. e4 e5 17. d5 Rfe8 18. dxc6 bxc6 19. Na2 Bd6 20. Bd2 Nf8 21. b4 Ne6
22. Bc3 axb4 23. Naxb4 Qc7 24. Rdc1 c5 25. Nc2 Rab8 26. Na3 Nd4 27. Bxd4 exd4
28. Nb5 Rxb5 29. axb5 c4 30. Qa2 Rc8 31. b6 Qxb6 32. Rxc4 Rxc4 33. Qxc4 Nxe4
34. Ra8+ Bf8 35. Qc8 Qd6 36. Qd8 Qxd8 37. Rxd8 Nxg3 38. Ne5 Ne2+ 39. Kf1 Nf4
40. Rxd4 Nxg2 41. Kxg2 Bf5 42. Rd8 g6 43. Nd7 1/2-1/2

[Event "XXIV Festival A"]
[Site "Porto San Giorgio ITA"]
[Date "2013.08.24"]
[Round "4"]
[White "Ramirez Garcia, Jorge Alberto"]
[Black "Teutsch, Alexander"]
[WhiteElo "2303"]
[BlackElo "2123"]
[Result "1/2-1/2"]
[PlyCount "118"]
[EventDate "2013.08.21"]

1. e4 g6 2. d4 Bg7 3. c3 d6 4. Nf3 Nf6 5. Bd3 O-O 6. h3 Nc6 7. O-O h6 8. Na3 e5
9. dxe5 dxe5 10. Be3 Nh5 11. Bc5 Re8 12. Bc4 a6 13. Qxd8 Nxd8 14. Rfd1 Ne6 15.
Be3 Nhf4 16. Bf1 Ng5 17. Nxg5 hxg5 18. Rd2 f5 19. Bc4+ Be6 20. exf5 gxf5 21.
Bxf4 exf4 22. Rd7 Bxc4 23. Nxc4 Rad8 24. Rxc7 b5 25. Na5 Re2 26. Nb3 g4 27. Kf1
Rde8 28. Rc5 g3 29. fxg3 fxg3 30. Rxf5 Rxb2 31. Rg5 Rf2+ 32. Kg1 Rxa2 33. Rf1
Ra3 34. Nd4 Rxc3 35. Nf5 Rc7 36. Nxg3 Re5 37. Nf5 b4 38. Rf4 b3 39. Rb4 Rb5 40.
Rxb5 axb5 41. Nxg7 Rc1+ 42. Kh2 b2 43. Rxb5 b1=Q 44. Rxb1 Rxb1 45. Nf5 Rb3 46.
h4 Kf7 47. g3 Kf6 48. Nh6 Kg6 49. Ng4 Kf5 50. Kh3 Ra3 51. Nf2 Rb3 52. Ng4 Ra3
53. Nh2 Rb3 54. Nf1 Ra3 55. Kg2 Kg4 56. Nh2+ Kf5 57. Nf3 Kg4 58. Nh2+ Kf5 59.
Kh3 Rb3 1/2-1/2

[Event "XXIV Festival A"]
[Site "Porto San Giorgio ITA"]
[Date "2013.08.25"]
[Round "5"]
[White "Baburin, Alexander E."]
[Black "Aleksic, Nenad"]
[WhiteElo "2520"]
[BlackElo "2357"]
[Result "1/2-1/2"]
[PlyCount "56"]
[EventDate "2013.08.21"]

1. d4 Nf6 2. c4 e6 3. Nc3 Bb4 4. e3 b6 5. Bd3 Bb7 6. Nf3 Ne4 7. O-O Bxc3 8.
bxc3 f5 9. Ne1 c5 10. f3 Nd6 11. e4 O-O 12. e5 Nf7 13. Nc2 d6 14. f4 dxe5 15.
fxe5 Nc6 16. Be3 Qe7 17. Qe2 Rad8 18. Rad1 Na5 19. Bf4 Ng5 20. d5 exd5 21. cxd5
Bxd5 22. Ne3 Be6 23. h4 Ne4 24. Nxf5 Bxf5 25. Bxe4 Rxd1 26. Rxd1 Bxe4 27. Qxe4
Qxh4 28. g3 Qg4 1/2-1/2

[Event "XXIV Festival A"]
[Site "Porto San Giorgio ITA"]
[Date "2013.08.25"]
[Round "5"]
[White "Bentivegna, Francesco"]
[Black "Eggleston, David J."]
[WhiteElo "2293"]
[BlackElo "2363"]
[Result "0-1"]
[PlyCount "80"]
[EventDate "2013.08.21"]

1. d4 Nf6 2. Nc3 d5 3. Bg5 c5 4. Bxf6 gxf6 5. e3 Nc6 6. Qh5 e6 7. Nf3 a6 8.
O-O-O f5 9. h3 Qc7 10. Kb1 b5 11. dxc5 Bb7 12. Ng5 Qe7 13. Bxb5 Rg8 14. Bxc6+
Bxc6 15. Nf3 Qxc5 16. Nd4 Rb8 17. Nb3 Qb6 18. Qxh7 Rg7 19. Qh4 Rxg2 20. Rhg1
Rxg1 21. Rxg1 a5 22. Qd4 a4 23. Qxb6 Rxb6 24. Nd4 Bd7 25. Rg8 f6 26. f4 Kf7 27.
Rg2 Rb8 28. b3 Bb4 29. Nd1 e5 30. Ne2 Rh8 31. Rg3 Be1 32. Rg1 Bd2 33. Rg3 Bb5
34. Nec3 Bc6 35. Rg2 Bxc3 36. Nxc3 d4 37. Rd2 dxc3 38. Rd3 Rxh3 39. Rxc3 exf4
40. Rxc6 f3 0-1

[Event "XXIV Festival A"]
[Site "Porto San Giorgio ITA"]
[Date "2013.08.25"]
[Round "5"]
[White "Guidi, Maurizio"]
[Black "Ramirez Garcia, Jorge Alberto"]
[WhiteElo "2041"]
[BlackElo "2303"]
[Result "0-1"]
[PlyCount "50"]
[EventDate "2013.08.21"]

1. c4 e5 2. g3 c6 3. Bg2 Nf6 4. Nf3 e4 5. Nd4 d5 6. cxd5 Qxd5 7. Nc2 Qh5 8. h3
Qg6 9. Nc3 Bc5 10. Ne3 O-O 11. Qc2 Re8 12. b3 Na6 13. a3 Bd4 14. Bb2 Be6 15. b4
Rac8 16. Na4 c5 17. bxc5 Nxc5 18. Nc3 Be5 19. Qd1 h5 20. O-O Red8 21. a4 Nb3
22. Ra2 Nxd2 23. Qa1 Nxf1 24. Nxf1 Bxc3 25. Bxc3 Rxc3 0-1

[Event "XXIV Festival A"]
[Site "Porto San Giorgio ITA"]
[Date "2013.08.25"]
[Round "5"]
[White "Naumkin, Igor"]
[Black "Mchedlishvili, Mikheil"]
[WhiteElo "2445"]
[BlackElo "2633"]
[Result "1/2-1/2"]
[PlyCount "27"]
[EventDate "2013.08.21"]

1. d4 Nf6 2. c4 g6 3. Nc3 d5 4. Nf3 Bg7 5. cxd5 Nxd5 6. Bd2 O-O 7. Rc1 Nb6 8.
e3 Nc6 9. Be2 e5 10. dxe5 Nxe5 11. Nxe5 Bxe5 12. O-O Be6 13. b3 c6 14. f4
1/2-1/2

[Event "XXIV Festival A"]
[Site "Porto San Giorgio ITA"]
[Date "2013.08.25"]
[Round "5"]
[White "Petkov, Vladimir"]
[Black "Dvirnyy, Danyyil"]
[WhiteElo "2552"]
[BlackElo "2549"]
[Result "1/2-1/2"]
[PlyCount "37"]
[EventDate "2013.08.21"]

1. d4 Nf6 2. c4 g6 3. Nc3 d5 4. Qb3 dxc4 5. Qxc4 Bg7 6. Bf4 Na6 7. Nf3 O-O 8.
e3 c5 9. dxc5 Qa5 10. Rc1 Qxc5 11. Qxc5 Nxc5 12. Nb5 Ne6 13. Be5 Bd7 14. Be2 a6
15. Nbd4 Rfc8 16. O-O Nxd4 17. Nxd4 Ne4 18. Bxg7 Kxg7 19. Bf3 1/2-1/2

[Event "XXIV Festival A"]
[Site "Porto San Giorgio ITA"]
[Date "2013.08.25"]
[Round "5"]
[White "Schoorl, Rob"]
[Black "Marsili, Riccardo"]
[WhiteElo "2348"]
[BlackElo "2090"]
[Result "1/2-1/2"]
[PlyCount "72"]
[EventDate "2013.08.21"]

1. e4 c5 2. Nf3 Nc6 3. Bb5 g6 4. O-O Bg7 5. Re1 Nf6 6. c3 O-O 7. h3 Qb6 8. Na3
a6 9. Bf1 d6 10. d4 cxd4 11. cxd4 d5 12. e5 Ne4 13. Nc2 f6 14. exf6 exf6 15. b3
Bd7 16. Bb2 Rfe8 17. Rc1 Rac8 18. Ne3 Be6 19. a3 f5 20. b4 g5 21. Rc2 f4 22.
Nc4 Qd8 23. Nce5 Bf5 24. Nxc6 Rxc6 25. Rxc6 bxc6 26. Bxa6 h5 27. Bd3 g4 28. Nd2
Nxf2 29. Rxe8+ Qxe8 30. Qe2 Ne4 31. Nxe4 dxe4 32. Bc4+ Kh8 33. hxg4 Bxg4 34.
Qc2 Qe7 35. d5 cxd5 36. Bxd5 Bf5 1/2-1/2

[Event "XXIV Festival A"]
[Site "Porto San Giorgio ITA"]
[Date "2013.08.25"]
[Round "5"]
[White "Stella, Andrea"]
[Black "Draskovic, Luka"]
[WhiteElo "2447"]
[BlackElo "2304"]
[Result "1/2-1/2"]
[PlyCount "58"]
[EventDate "2013.08.21"]

1. Nf3 Nf6 2. c4 e6 3. g3 b6 4. Bg2 Bb7 5. O-O c5 6. Nc3 a6 7. Re1 Be7 8. e4 d6
9. d4 cxd4 10. Nxd4 Qc7 11. Be3 O-O 12. Rc1 Nbd7 13. f4 Rfe8 14. g4 g6 15. g5
Nh5 16. f5 Bf8 17. Bf3 e5 18. Nd5 Qd8 19. Ne2 Bxd5 20. Qxd5 Nf4 21. Nxf4 exf4
22. Bxf4 Rc8 23. b4 Ne5 24. Bg2 Qd7 25. Rf1 Rc7 26. Be3 b5 27. cxb5 Rxc1 28.
Rxc1 axb5 29. Bh3 Rc8 1/2-1/2

[Event "XXIV Festival A"]
[Site "Porto San Giorgio ITA"]
[Date "2013.08.25"]
[Round "5"]
[White "Teutsch, Alexander"]
[Black "Drasko, Milan"]
[WhiteElo "2123"]
[BlackElo "2462"]
[Result "0-1"]
[PlyCount "118"]
[EventDate "2013.08.21"]

1. d4 e6 2. c4 Nf6 3. Nc3 Bb4 4. e3 O-O 5. Nge2 d5 6. a3 Be7 7. cxd5 exd5 8.
Nf4 c6 9. Bd3 a5 10. O-O Na6 11. Bc2 Nc7 12. f3 Ne6 13. Nxe6 Bxe6 14. e4 dxe4
15. fxe4 Qd7 16. Qd3 b5 17. b3 g6 18. Bg5 Nh5 19. Bxe7 Qxe7 20. Rae1 Qxa3 21.
Bd1 Ng7 22. e5 Rfd8 23. Ne4 Nf5 24. Nf6+ Kg7 25. Qh3 h6 26. Ng4 Qc1 27. Bf3 Qc3
28. Bxc6 Qxh3 29. gxh3 Rab8 30. d5 Bxd5 31. Bxd5 Rxd5 32. e6 Rf8 33. Ne3 Nxe3
34. Rxe3 fxe6 35. Rxf8 Kxf8 36. Rxe6 Rd3 37. Ra6 Rxh3 38. Rxa5 Rxb3 39. Ra7 Rb2
40. Rb7 b4 41. h4 b3 42. Kh1 Ke8 43. Kg1 Kd8 44. Kf1 Kc8 45. Rb4 Kc7 46. Ke1 h5
47. Kd1 Kc6 48. Kc1 Kc5 49. Rb8 Rc2+ 50. Kd1 Kc4 51. Rb6 Rg2 52. Kc1 Kc3 53.
Rc6+ Kd4 54. Rb6 b2+ 55. Kb1 Ke4 56. Rb4+ Kf3 57. Rb6 Kf4 58. Rb4+ Kg3 59. Rc4
Kh3 0-1